[Event "Paulista-ch (Women)"]
[Site "Sao Paulo"]
[Date "2023.09.03"]
[Round "6"]
[White "Fassis, Juliana Maria"]
[Black "Correa, Livia Leite"]
[Result "1/2-1/2"]
[WhiteElo "1595"]
[BlackElo "1181"]
[PlyCount "46"]
[EventDate "2023.09.01"]
[EventType "swiss"]
[EventRounds "6"]
[EventCountry "BRA"]
[SourceTitle "EXT 2024"]
[Source "ChessBase"]
[SourceDate "2023.10.10"]
[SourceVersion "1"]
[SourceVersionDate "2023.10.10"]
[SourceQuality "1"]

1. e4 c6 2. d4 d5 3. exd5 cxd5 4. c4 Nf6 5. Nc3 Nc6 6. Nf3 g6 7. Bf4 a6 8. Qd2 Bg7 9. Rd1 Bg4 10. cxd5 Nxd5 11. Be3 Bxf3 12. gxf3 0-0 13. h4 h5 14. f4 e6 15. Ne4 Nde7 16. Bh3 Nf5 17. Bxf5 exf5 18. Ng5 Re8 19. d5 Nd4 20. 0-0 Qxg5+ 21. fxg5 Nf3+ 22. Kg2 Nxd2 23. Rxd2 Rad8 1/2-1/2

[Event "Paulista-ch (Women)"]
[Site "Sao Paulo"]
[Date "2023.09.01"]
[Round "2"]
[White "Medeiros, Thauane Ferreira"]
[Black "Fassis, Juliana Maria"]
[Result "0-1"]
[WhiteElo "1874"]
[BlackElo "1595"]
[PlyCount "114"]
[EventDate "2023.09.01"]
[EventType "swiss"]
[EventRounds "6"]
[EventCountry "BRA"]
[SourceTitle "EXT 2024"]
[Source "ChessBase"]
[SourceDate "2023.10.10"]
[SourceVersion "1"]
[SourceVersionDate "2023.10.10"]
[SourceQuality "1"]

1. d4 c5 2. d5 e6 3. c4 exd5 4. cxd5 d6 5. e4 Nf6 6. f3 Be7 7. Bd3 0-0 8. Ne2 Na6 9. 0-0 Qb6 10. Kh1 Qc7 11. b3 Rb8 12. Nec3 Bd7 13. Na3 Nb4 14. Be2 Rfe8 15. g4 g6 16. g5 Nh5 17. f4 Ng7 18. Nab5 Qb6 19. Na4 Qa5 20. a3 Bxb5 21. axb4 Qxb4 22. Bxb5 Qxb5 23. Bb2 Rbc8 24. Bc3 Bf8 25. Qc2 c4 26. b4 Nh5 27. Bd4 Bg7 28. Nc3 Qd7 29. Bxg7 Kxg7 30. Rxa7 Qh3 31. Rf2 Ra8 32. Rxa8 Rxa8 33. Qb2 Qd3 34. Ne2+ Kg8 35. Qd4 Qb1+ 36. Ng1 Ra1 37. Rb2 Qc1 38. e5 Nxf4 39. exd6 Nh3 40. Rg2 Nxg1 41. Rxg1 Qxg1+ 42. Qxg1 Rxg1+ 43. Kxg1 Kf8 44. Kf2 Ke8 45. b5 Kd7 46. Ke3 Kxd6 47. Kd4 c3 48. Kxc3 Kxd5 49. Kb4 b6 50. h3 Kd4 51. Kb3 Kc5 52. Ka4 Kc4 53. h4 Kc5 54. Kb3 Kxb5 55. Kc3 Kc5 56. Kd3 b5 57. Ke4 b4 0-1

[Event "BRA-ch Amateur U1800"]
[Site "Sao Paulo"]
[Date "2018.06.03"]
[Round "7"]
[White "Fassis, Juliana Maria"]
[Black "Yokomizo, Wilton"]
[Result "0-1"]
[WhiteElo "1647"]
[BlackElo "1437"]
[PlyCount "58"]
[EventDate "2018.05.31"]
[EventType "swiss"]
[EventRounds "7"]
[EventCountry "BRA"]
[SourceTitle "EXT 2021"]
[Source "ChessBase"]
[SourceDate "2020.10.23"]
[SourceVersion "1"]
[SourceVersionDate "2020.10.23"]
[SourceQuality "1"]

1. e4 Nf6 2. e5 Nd5 3. d4 d6 4. c4 Nb6 5. exd6 cxd6 6. Nf3 Bf5 7. Nc3 Nc6 8. Be2 e6 9. a3 Be7 10. 0-0 0-0 11. Bf4 Rc8 12. Re1 Nd7 13. Nb5 Nf6 14. Nh4 a6 15. Nxf5 exf5 16. Nc3 Qb6 17. d5 Nd4 18. Be3 Nxe2+ 19. Qxe2 Qb3 20. Bg5 Bd8 21. Bf4 Ba5 22. Qd3 Ne4 23. Rac1 Rfe8 24. f3 Bb6+ 25. Kf1 Nf2 26. Qxf5 Qxc4+ 27. Re2 Nd3 28. Ne4 Qxc1+ 29. Bxc1 Rxc1+ 0-1

[Event "Rio Claro IRT 2nd"]
[Site "Rio Claro"]
[Date "2015.09.05"]
[Round "2.3"]
[White "Brienza, Amalio Coelho"]
[Black "Fassis, Juliana Maria"]
[Result "0-1"]
[WhiteElo "1935"]
[BlackElo "1635"]
[PlyCount "60"]
[EventDate "2015.09.05"]
[EventType "swiss"]
[EventRounds "5"]
[EventCountry "BRA"]
[SourceTitle "EXT 2022"]
[Source "ChessBase"]
[SourceDate "2021.10.06"]
[SourceVersion "1"]
[SourceVersionDate "2021.10.06"]
[SourceQuality "1"]

1. d4 Nf6 2. c4 e6 3. Nc3 c5 4. d5 d6 5. e4 g6 6. Nf3 exd5 7. cxd5 Bg4 8. Be2 Bxf3 9. Bxf3 Bg7 10. 0-0 0-0 11. Bf4 a6 12. a4 Re8 13. Qc2 Qe7 14. Qb3 Qc7 15. Rfe1 Nbd7 16. Rad1 b6 17. h3 Rab8 18. g4 h6 19. Bg2 g5 20. Bg3 c4 21. Qc2 Ne5 22. Re3 Qc5 23. Bf1 Nfd7 24. Ne2 Nd3 25. b3 b5 26. Nc1 N3e5 27. Kg2 Rbc8 28. axb5 axb5 29. bxc4 Nxc4 30. Ree1 Ne3+ 0-1

[Event "Matinhos Caioba-ch"]
[Site "Matinhos"]
[Date "2015.08.30"]
[Round "5"]
[White "Da Costa, Aloysio"]
[Black "Fassis, Juliana Maria"]
[Result "0-1"]
[WhiteElo "1814"]
[BlackElo "1635"]
[PlyCount "110"]
[EventDate "2015.08.28"]
[EventType "swiss"]
[EventRounds "6"]
[EventCountry "BRA"]
[SourceTitle "EXT 2016"]
[Source "ChessBase"]
[SourceDate "2015.10.08"]
[SourceVersion "1"]
[SourceVersionDate "2015.10.08"]
[SourceQuality "1"]

1. e4 c5 2. Nf3 g6 3. d4 cxd4 4. Nxd4 Nc6 5. Be3 Bg7 6. Nc3 Nf6 7. Bc4 Qa5 8. Qd2 Qb4 9. Bb3 Nxe4 10. Nxe4 Qxd2+ 11. Kxd2 Nxd4 12. c3 Nxb3+ 13. axb3 d5 14. Nc5 0-0 15. Ra4 b6 16. Nd3 Bd7 17. Ra3 Rfb8 18. Bf4 Rb7 19. Re1 Bf5 20. Nb4 Rc8 21. f3 d4 22. c4 Bf8 23. Ra4 b5 24. cxb5 Rxb5 25. Re5 Rb7 26. Nd5 Rc2+ 27. Kd1 Rxb2 28. Rxd4 R7xb3 29. g4 Be6 30. Ne3 Rb1+ 31. Kc2 R3b2+ 32. Kd3 Rb8 33. Ra5 R8b7 34. Rd8 R1b3+ 35. Ke2 Kg7 36. Be5+ f6 37. Bd4 Kf7 38. Rxa7 Rxa7 39. Bxa7 Bh6 40. h4 Bf4 41. Nd5 Rb2+ 42. Kd3 Rd2+ 43. Ke4 Bg3 44. h5 f5+ 45. Ke3 Rxd5 46. hxg6+ hxg6 47. Rxd5 Bxd5 48. gxf5 gxf5 49. f4 e6 50. Bb8 Kg6 51. Kd4 Kh5 52. Be5 Kg4 53. Bd6 Bh2 54. Be5 Bxf4 55. Bxf4 Kxf4 0-1

[Event "Cordeiropolis Freitas Levy Memorial"]
[Site "Cordeiropolis"]
[Date "2015.05.24"]
[Round "6"]
[White "Fassis, Juliana Maria"]
[Black "Camargo, Bonamigo Maisa"]
[Result "1-0"]
[WhiteElo "1632"]
[BlackElo "1776"]
[PlyCount "41"]
[EventDate "2015.05.22"]
[EventType "swiss"]
[EventRounds "6"]
[EventCountry "BRA"]
[SourceTitle "CBM 166 Extra"]
[Source "ChessBase"]
[SourceDate "2015.06.18"]
[SourceVersion "1"]
[SourceVersionDate "2015.06.18"]
[SourceQuality "1"]

1. e4 e5 2. Nf3 d6 3. Bc4 h6 4. 0-0 f6 5. h3 Nc6 6. c3 Qe7 7. Re1 Bd7 8. d4 Na5 9. Bb3 0-0-0 10. Bc2 Qe8 11. Nbd2 Ne7 12. b4 Nac6 13. d5 Nb8 14. c4 Qf7 15. c5 dxc5 16. bxc5 c6 17. Nc4 Ng6 18. Bb3 cxd5 19. exd5 Na6 20. d6 Nxc5 21. Nb6+ 1-0

[Event "Cordeiropolis Freitas Levy Memorial"]
[Site "Cordeiropolis"]
[Date "2015.05.23"]
[Round "3"]
[White "Fassis, Juliana Maria"]
[Black "Kajiwara, Joao Kazuyuki"]
[Result "1-0"]
[WhiteElo "1632"]
[BlackElo "1265"]
[PlyCount "37"]
[EventDate "2015.05.22"]
[EventType "swiss"]
[EventRounds "6"]
[EventCountry "BRA"]
[SourceTitle "CBM 166 Extra"]
[Source "ChessBase"]
[SourceDate "2015.06.18"]
[SourceVersion "1"]
[SourceVersionDate "2015.06.18"]
[SourceQuality "1"]

1. e4 d6 2. Nf3 Bg4 3. Bc4 e5 4. 0-0 c6 5. c3 Be7 6. d3 Nf6 7. Nbd2 0-0 8. Re1 b5 9. Bb3 a5 10. Nf1 Na6 11. h3 Bd7 12. Be3 Nc7 13. Ng3 Ne6 14. Nf5 a4 15. Bc2 Nh5 16. Nxe5 dxe5 17. Qxh5 g6 18. Nxe7+ Qxe7 19. Qxe5 1-0

[Event "Cordeiropolis Freitas Levy Memorial"]
[Site "Cordeiropolis"]
[Date "2015.05.22"]
[Round "1"]
[White "Fassis, Juliana Maria"]
[Black "Brandao, Renan Alves"]
[Result "0-1"]
[WhiteElo "1632"]
[BlackElo "2113"]
[PlyCount "82"]
[EventDate "2015.05.22"]
[EventType "swiss"]
[EventRounds "6"]
[EventCountry "BRA"]
[SourceTitle "CBM 166 Extra"]
[Source "ChessBase"]
[SourceDate "2015.06.18"]
[SourceVersion "1"]
[SourceVersionDate "2015.06.18"]
[SourceQuality "1"]

1. e4 c5 2. Nf3 e6 3. d3 Nc6 4. g3 Nge7 5. Bg2 g6 6. Nbd2 Bg7 7. 0-0 0-0 8. Re1 d6 9. Nf1 Rb8 10. h4 f5 11. exf5 Nxf5 12. Bg5 Qe8 13. c3 b5 14. Ne3 b4 15. Nxf5 Rxf5 16. d4 bxc3 17. bxc3 cxd4 18. Nxd4 Nxd4 19. cxd4 Rb2 20. Re2 Rxe2 21. Qxe2 Bxd4 22. Rf1 Qb5 23. Qc2 Qc5 24. Qe2 Bd7 25. Bh3 Qe5 26. Qxe5 Rxe5 27. Bf4 Re2 28. Bxd6 Rxa2 29. g4 e5 30. Kg2 Bb5 31. Rc1 Bd7 32. Rc7 Rxf2+ 33. Kg3 Rf7 34. g5 Bxh3 35. Rxf7 Kxf7 36. Kxh3 Ke6 37. Bb4 Bf2 38. Kg4 Kd5 39. h5 Ke4 40. hxg6 hxg6 41. Ba5 Bb6 0-1

[Event "Florianopolis op"]
[Site "Florianopolis"]
[Date "2015.01.14"]
[Round "1"]
[White "Fassis, Juliana Maria"]
[Black "Pirola, Claudionor Alcides"]
[Result "1/2-1/2"]
[WhiteElo "1638"]
[BlackElo "2088"]
[PlyCount "58"]
[EventDate "2015.01.14"]
[EventType "swiss"]
[EventRounds "10"]
[EventCountry "BRA"]
[SourceTitle "CBM 164 Extra"]
[Source "ChessBase"]
[SourceDate "2015.03.02"]
[SourceVersion "1"]
[SourceVersionDate "2015.03.02"]
[SourceQuality "1"]

1. e4 e5 2. Nf3 Nc6 3. Bc4 Nf6 4. Ng5 d5 5. exd5 Na5 6. Bb5+ c6 7. dxc6 bxc6 8. Be2 h6 9. Nf3 e4 10. Ne5 Qc7 11. d4 exd3 12. Nxd3 Bd6 13. h3 0-0 14. Nc3 Rb8 15. b3 Rd8 16. 0-0 c5 17. Qe1 Bb7 18. Be3 a6 19. Rd1 c4 20. Nb2 cxb3 21. axb3 Bb4 22. Rxd8+ Rxd8 23. Nba4 Qe5 24. Bb6 Re8 25. f4 Qe6 26. Qf2 Rc8 27. Bd4 Nc6 28. Bc4 Qd6 29. Bxf6 Qxf6 1/2-1/2

[Event "BRA-ch (Women)"]
[Site "Blumenau"]
[Date "2014.06.01"]
[Round "6"]
[White "Fassis, Juliana Maria"]
[Black "De Bem, Lais Colin"]
[Result "0-1"]
[WhiteElo "1623"]
[BlackElo "1762"]
[PlyCount "85"]
[EventDate "2014.05.29"]
[EventType "swiss"]
[EventRounds "7"]
[EventCountry "BRA"]
[SourceTitle "EXT 2015"]
[Source "ChessBase"]
[SourceDate "2014.11.20"]
[SourceVersion "1"]
[SourceVersionDate "2014.11.20"]
[SourceQuality "1"]

1. e4 c5 2. Nf3 e6 3. d4 cxd4 4. Nxd4 a6 5. Bd3 Qc7 6. 0-0 Nf6 7. c4 Be7 8. Nc3 0-0 9. Be3 d6 10. f4 Nc6 11. Qe2 Bd7 12. Nc2 Rfe8 13. Rad1 Rac8 14. h3 Red8 15. Qf2 Qb8 16. g4 Rf8 17. Kh1 Bd8 18. g5 Ne8 19. Rg1 Ne7 20. Nd4 f6 21. h4 fxg5 22. hxg5 Ng6 23. Qg3 e5 24. Nf3 exf4 25. Bxf4 Nxf4 26. Bc2 Kh8 27. Rgf1 Rxc4 28. Nd2 Rxc3 29. Rxf4 Rxf4 30. Qxf4 Rh3+ 31. Kg2 Be7 32. Rf1 Nc7 33. Nc4 Ne6 34. Qf7 Qf8 35. e5 Qxf7 36. Rxf7 Bc6+ 37. Kxh3 Nxg5+ 38. Kh2 Nxf7 39. exd6 Nxd6 40. Ne5 Bd5 41. b3 Nf7 42. Ng4 Ng5 43. Ne3 0-1

[Event "BRA-ch (Women)"]
[Site "Blumenau"]
[Date "2014.05.31"]
[Round "5"]
[White "Fassis, Juliana Maria"]
[Black "Ribeiro, Regina"]
[Result "0-1"]
[WhiteElo "1623"]
[BlackElo "2031"]
[PlyCount "65"]
[EventDate "2014.05.29"]
[EventType "swiss"]
[EventRounds "7"]
[EventCountry "BRA"]
[SourceTitle "EXT 2015"]
[Source "ChessBase"]
[SourceDate "2014.11.20"]
[SourceVersion "1"]
[SourceVersionDate "2014.11.20"]
[SourceQuality "1"]

1. e4 e6 2. d4 d5 3. Nc3 Bb4 4. e5 Qd7 5. a3 Bxc3+ 6. bxc3 b6 7. Qg4 f5 8. Qh5+ Qf7 9. Qxf7+ Kxf7 10. Nf3 h6 11. Be3 Ba6 12. Bxa6 Nxa6 13. 0-0 Ne7 14. h4 c5 15. Rfc1 Rhc8 16. Rab1 Rab8 17. Kf1 Nc6 18. Rb2 Na5 19. Nd2 c4 20. f3 Nc6 21. Ke2 b5 22. g4 Nc7 23. Rg1 a5 24. Nb1 b4 25. cxb4 axb4 26. axb4 f4 27. Bf2 Rxb4 28. Rxb4 Nxb4 29. Kd2 Ra8 30. Rc1 Nb5 31. Kd1 Na2 32. Nd2 Nxc1 33. Kxc1 0-1

[Event "BRA-ch (Women)"]
[Site "Blumenau"]
[Date "2014.05.31"]
[Round "4"]
[White "Ichimura G Barbosa, Larissa Yuki"]
[Black "Fassis, Juliana Maria"]
[Result "1-0"]
[WhiteElo "1889"]
[BlackElo "1623"]
[PlyCount "51"]
[EventDate "2014.05.29"]
[EventType "swiss"]
[EventRounds "7"]
[EventCountry "BRA"]
[SourceTitle "EXT 2015"]
[Source "ChessBase"]
[SourceDate "2014.11.20"]
[SourceVersion "1"]
[SourceVersionDate "2014.11.20"]
[SourceQuality "1"]

1. e4 e6 2. d4 d5 3. e5 c5 4. c3 Nc6 5. Nf3 Qb6 6. a3 c4 7. Be2 f6 8. 0-0 fxe5 9. Nxe5 Nxe5 10. dxe5 Ne7 11. Nd2 Nc6 12. Nf3 Bd7 13. Qc2 0-0-0 14. Bg5 Re8 15. Be3 Qc7 16. Bd4 Be7 17. b3 cxb3 18. Qxb3 Na5 19. Qb2 Kb8 20. Nd2 Bc5 21. Rab1 g5 22. Rfc1 Rc8 23. Nb3 Bxd4 24. cxd4 Nc6 25. Nc5 Na5 26. Na6+ 1-0

[Event "Rio Claro op"]
[Site "Rio Claro"]
[Date "2014.05.17"]
[Round "3"]
[White "Chih, Lee Hung"]
[Black "Fassis, Juliana Maria"]
[Result "1-0"]
[WhiteElo "1968"]
[BlackElo "1623"]
[PlyCount "55"]
[EventDate "2014.05.16"]
[EventType "swiss"]
[EventRounds "6"]
[EventCountry "BRA"]
[SourceTitle "CBM 160 Extra"]
[Source "ChessBase"]
[SourceDate "2014.07.01"]
[SourceVersion "1"]
[SourceVersionDate "2014.07.01"]
[SourceQuality "1"]

1. e4 c5 2. Nc3 Nc6 3. f4 g6 4. Nf3 Bg7 5. Be2 d6 6. d3 Nf6 7. 0-0 Nd4 8. Kh1 0-0 9. Nb1 Nxe2 10. Qxe2 Bg4 11. Nc3 Rb8 12. h3 Bxf3 13. Qxf3 e6 14. f5 exf5 15. exf5 Nd7 16. Nd5 b5 17. f6 Ne5 18. Qg3 Bxf6 19. Nxf6+ Kg7 20. Bh6+ Kh8 21. Qh4 Rg8 22. Bg5 Rg7 23. Nh5 Qxg5 24. Qxg5 gxh5 25. Qf6 Rbg8 26. Rf2 Ng6 27. Qxd6 Nh4 28. Qf6 1-0

[Event "Ribeirao Preto op"]
[Site "Ribeirao Preto"]
[Date "2014.04.04"]
[Round "2"]
[White "Molina, Roberto Junio Brito"]
[Black "Fassis, Juliana Maria"]
[Result "1-0"]
[WhiteElo "2432"]
[BlackElo "1636"]
[PlyCount "77"]
[EventDate "2014.04.04"]
[EventType "swiss"]
[EventRounds "6"]
[EventCountry "BRA"]
[SourceTitle "CBM 159 Extra"]
[Source "ChessBase"]
[SourceDate "2014.04.24"]
[SourceVersion "1"]
[SourceVersionDate "2014.04.24"]
[SourceQuality "1"]

1. e4 c5 2. Nf3 Nc6 3. d4 cxd4 4. Nxd4 g6 5. Nc3 Bg7 6. Be3 Nf6 7. Bc4 0-0 8. Bb3 d6 9. f3 Bd7 10. Qd2 Nxd4 11. Bxd4 a5 12. a4 Rb8 13. Qd3 Qc8 14. 0-0-0 Be6 15. Kb1 Nh5 16. Bxg7 Kxg7 17. g4 Nf4 18. Qd4+ Kg8 19. Nd5 Nxd5 20. exd5 Bd7 21. Rhe1 Re8 22. c4 Qc5 23. Qxc5 dxc5 24. Bc2 Rbd8 25. b3 e5 26. dxe6 Bxe6 27. Be4 b6 28. Bc6 Rxd1+ 29. Rxd1 Rc8 30. Rd6 Kf8 31. Bd5 Bxd5 32. cxd5 Ke7 33. Rxb6 Rd8 34. Rb5 Rxd5 35. Rxa5 Kd6 36. Kc2 Re5 37. b4 Re2+ 38. Kd3 Re5 39. Rxc5 1-0

[Event "Batatais op 3rd"]
[Site "Batatais"]
[Date "2013.12.20"]
[Round "2"]
[White "Silva, Rodrigo Ferreira"]
[Black "Fassis, Juliana Maria"]
[Result "1-0"]
[WhiteElo "1804"]
[BlackElo "1642"]
[PlyCount "93"]
[EventDate "2013.12.20"]
[EventType "swiss"]
[EventRounds "6"]
[EventCountry "BRA"]
[SourceTitle "CBM 158 Extra"]
[Source "ChessBase"]
[SourceDate "2014.02.28"]
[SourceVersion "1"]
[SourceVersionDate "2014.02.28"]
[SourceQuality "1"]

1. e4 c5 2. Nc3 Nc6 3. f4 e6 4. Nf3 Nge7 5. a3 g6 6. Bc4 Bg7 7. 0-0 0-0 8. d3 a6 9. Ba2 b5 10. Bd2 d5 11. e5 Qb6 12. Kh1 Nf5 13. Ng5 c4 14. Qg4 h6 15. Nf3 Ncd4 16. Rac1 Bd7 17. Nd1 Ne2 18. Rb1 cxd3 19. cxd3 Rac8 20. Rf2 Ned4 21. Nxd4 Qxd4 22. Qe2 Rc2 23. Bb3 Rc6 24. g4 Qb6 25. gxf5 exf5 26. Bxd5 Rc7 27. Qe3 Qxe3 28. Bxe3 Rfc8 29. Nc3 Bf8 30. Ne2 Be7 31. Rc1 Bh4 32. Rxc7 Rxc7 33. Ng3 Be6 34. Bxe6 fxe6 35. Kg2 Kf7 36. Kf3 g5 37. Re2 Rd7 38. Rd2 Kg6 39. Ne2 Be1 40. Rd1 Ba5 41. d4 Bb6 42. Nc3 gxf4 43. Kxf4 h5 44. d5 exd5 45. Rxd5 Rxd5 46. Nxd5 Bxe3+ 47. Nxe3 1-0

[Event "Cordeiropolis op 3rd"]
[Site "Cordeiropolis"]
[Date "2013.09.01"]
[Round "5"]
[White "Fassis, Juliana Maria"]
[Black "Serafim, Arnor Jr"]
[Result "0-1"]
[WhiteElo "1624"]
[BlackElo "1859"]
[PlyCount "70"]
[EventDate "2013.08.30"]
[EventType "swiss"]
[EventRounds "6"]
[EventCountry "BRA"]
[SourceTitle "CBM 156 Extra"]
[Source "ChessBase"]
[SourceDate "2013.10.22"]
[SourceVersion "1"]
[SourceVersionDate "2013.10.22"]
[SourceQuality "1"]

1. e4 c5 2. Nf3 e6 3. d4 cxd4 4. Nxd4 a6 5. Bd3 Nf6 6. Nc3 Qc7 7. 0-0 Be7 8. Be3 0-0 9. Kh1 d6 10. f4 Nbd7 11. Qf3 b5 12. a3 Bb7 13. Bd2 Rac8 14. Qg3 Nc5 15. Rae1 d5 16. exd5 Nxd3 17. Qxd3 Nxd5 18. f5 e5 19. Nf3 Nxc3 20. Qxc3 f6 21. Qxc7 Rxc7 22. Bc3 Rfc8 23. Rd1 Be4 24. Rf2 Bc5 25. Re2 Bxf5 26. Ba5 Rc6 27. Ne1 Bg4 28. Nf3 Be7 29. c3 Rc4 30. h3 Bh5 31. g4 Be8 32. Bb4 Bc6 33. Rf1 Bd8 34. Kg2 Rf4 35. Kg3 Bc7 0-1

[Event "Cordeiropolis op 3rd"]
[Site "Cordeiropolis"]
[Date "2013.08.30"]
[Round "2"]
[White "Fassis, Juliana Maria"]
[Black "Hara, Aroldo Hiroiuqui"]
[Result "1-0"]
[WhiteElo "1624"]
[BlackElo "1884"]
[PlyCount "37"]
[EventDate "2013.08.30"]
[EventType "swiss"]
[EventRounds "6"]
[EventCountry "BRA"]
[SourceTitle "CBM 156 Extra"]
[Source "ChessBase"]
[SourceDate "2013.10.22"]
[SourceVersion "1"]
[SourceVersionDate "2013.10.22"]
[SourceQuality "1"]

1. e4 c5 2. Nf3 Nf6 3. Nc3 e6 4. d4 cxd4 5. Nxd4 Bb4 6. f3 Bxc3+ 7. bxc3 a6 8. Bg5 h6 9. Bh4 d6 10. Be2 g5 11. Bf2 Nc6 12. Qd2 e5 13. Nb3 Qc7 14. Rd1 Ke7 15. c4 b6 16. Bxb6 Qb8 17. c5 dxc5 18. Bxc5+ Ke8 19. Qd6 1-0

[Event "Nova Odessa IRT Regional 3rd"]
[Site "Nova Odessa"]
[Date "2012.12.14"]
[Round "1.3"]
[White "Fassis, Juliana Maria"]
[Black "Haddad Filho, Paulo Ibrahim"]
[Result "0-1"]
[WhiteElo "1646"]
[BlackElo "1977"]
[PlyCount "68"]
[EventDate "2012.12.14"]
[EventType "swiss"]
[EventRounds "6"]
[EventCountry "BRA"]
[SourceTitle "EXT 2022"]
[Source "ChessBase"]
[SourceDate "2021.10.06"]
[SourceVersion "1"]
[SourceVersionDate "2021.10.06"]
[SourceQuality "1"]

1. e4 e5 2. Nf3 Nf6 3. Bc4 Bc5 4. c3 Nc6 5. d3 0-0 6. 0-0 d6 7. Bg5 h6 8. Bh4 Bg4 9. Nbd2 g5 10. Bg3 Nh5 11. Kh1 Nf4 12. Bxf4 gxf4 13. a4 a5 14. Nb3 Bb6 15. Bd5 Rb8 16. h3 Bh5 17. Qe2 Qf6 18. Nbd2 Ne7 19. Bb3 c6 20. Nc4 Bc7 21. Bd1 Rfe8 22. Qd2 d5 23. exd5 cxd5 24. Na3 Rbd8 25. d4 e4 26. Nh2 f3 27. gxf3 Bf4 28. Rg1+ Kh8 29. Qc2 Qh4 30. fxe4 Qxh3 31. f3 Rg8 32. Rxg8+ Rxg8 33. Qf2 Bxh2 34. Qxh2 Bxf3+ 0-1

[Event "Pan American-ch U20 Girls"]
[Site "Sao Paulo"]
[Date "2012.06.29"]
[Round "1"]
[White "Guimaraes, Artemis Pamela"]
[Black "Fassis, Juliana Maria"]
[Result "1-0"]
[WhiteElo "2014"]
[BlackElo "1733"]
[PlyCount "99"]
[EventDate "2012.06.29"]
[EventType "swiss"]
[EventRounds "9"]
[EventCountry "BRA"]
[SourceTitle "CBM 149 Extra"]
[Source "ChessBase"]
[SourceDate "2012.08.24"]
[SourceVersion "1"]
[SourceVersionDate "2012.08.24"]
[SourceQuality "1"]

1. e4 e6 2. d4 d5 3. Nd2 c5 4. exd5 exd5 5. Ngf3 Nc6 6. Bb5 Qe7+ 7. Qe2 Nf6 8. Qxe7+ Bxe7 9. 0-0 0-0 10. dxc5 Bxc5 11. Nb3 Bb6 12. Bg5 Ne4 13. Bh4 a6 14. Be2 Re8 15. Rfe1 Nb4 16. Nbd4 Bg4 17. c3 Nc6 18. Rad1 f6 19. Bg3 Nxd4 20. Nxd4 Bxe2 21. Nxe2 Nxg3 22. hxg3 Re5 23. Nd4 Rd8 24. Nf3 Rxe1+ 25. Nxe1 Bc5 26. Nd3 Bd6 27. Kf1 Kf7 28. Ke2 Bc7 29. Nb4 Ke6 30. Nd3 Bb6 31. Kf3 g5 32. Rh1 Rd7 33. g4 d4 34. c4 Rc7 35. b3 a5 36. Ke4 a4 37. Rh6 Ba5 38. b4 Bb6 39. c5 Ba7 40. f4 Rg7 41. Kxd4 Bb8 42. f5+ Ke7 43. b5 Rf7 44. Rh3 Bc7 45. Nb4 Kd7 46. Nd5 Be5+ 47. Kc4 Kc8 48. Ra3 Kd8 49. Rxa4 Rd7 50. Ra8+ 1-0

[Event "BRA-ch U20 Girls"]
[Site "Sao Paulo"]
[Date "2012.06.09"]
[Round "5"]
[White "Fassis, Juliana Maria"]
[Black "Lobo, Jessica Mara da Cru"]
[Result "0-1"]
[WhiteElo "1757"]
[BlackElo "1629"]
[PlyCount "108"]
[EventDate "2012.06.07"]
[EventType "swiss"]
[EventRounds "7"]
[EventCountry "BRA"]
[SourceTitle "EXT 2014"]
[Source "ChessBase"]
[SourceDate "2013.11.20"]
[SourceVersion "1"]
[SourceVersionDate "2013.11.20"]
[SourceQuality "1"]

1. e4 e5 2. Nf3 Nc6 3. Bc4 d6 4. h3 Nf6 5. d3 Be7 6. c3 a6 7. Bb3 Na5 8. Bc2 Be6 9. 0-0 d5 10. Nxe5 Bd6 11. Nf3 dxe4 12. dxe4 Nd7 13. Nd4 Qe7 14. f4 c5 15. Nf3 Rd8 16. b3 Nb6 17. Qe1 Bd7 18. Qg3 g6 19. c4 h6 20. Bb2 Rg8 21. h4 h5 22. Nbd2 Nc6 23. e5 Bc7 24. Ne4 Bg4 25. Nfg5 Nd4 26. Bxd4 cxd4 27. Nf6+ Kf8 28. Ngh7+ Kg7 29. Nxg8 Kxg8 30. Nf6+ Kg7 31. Bd1 Bxd1 32. Raxd1 Nd7 33. Rxd4 Bb6 34. Rfd1 Nxf6 35. exf6+ Qxf6 36. Qg5 Rxd4 37. Rxd4 Bxd4+ 38. Kh2 Qxg5 39. hxg5 Bc5 40. Kg3 Kf8 41. Kf3 Ke7 42. Ke4 Ke6 43. Kf3 Kf5 44. Kg3 Bd6 45. Kf2 Kxf4 46. g3+ Kxg5 47. Kf3 Kf5 48. a4 Kg5 49. Ke4 Kg4 50. Kd5 Ba3 51. c5 Kxg3 52. c6 bxc6+ 53. Kxc6 a5 54. b4 Bxb4 0-1

[Event "Altinopolis op 1st"]
[Site "Altinopolis"]
[Date "2012.04.03"]
[Round "5"]
[White "Fassis, Juliana Maria"]
[Black "Ribeiro, Marina Campelo"]
[Result "1-0"]
[WhiteElo "1779"]
[BlackElo "1729"]
[PlyCount "58"]
[EventDate "2012.02.03"]
[EventType "swiss"]
[EventRounds "6"]
[EventCountry "BRA"]
[SourceTitle "CBM 147 Extra"]
[Source "ChessBase"]
[SourceDate "2012.04.24"]
[SourceVersion "1"]
[SourceVersionDate "2012.04.24"]
[SourceQuality "1"]

1. e4 e5 2. Nf3 Nc6 3. Bc4 Bc5 4. c3 Nf6 5. d3 h6 6. 0-0 0-0 7. Re1 d6 8. h3 Qe7 9. Nbd2 Re8 10. Nf1 Be6 11. Bb5 Rab8 12. d4 exd4 13. b4 Bb6 14. cxd4 Bxd4 15. Nxd4 d5 16. exd5 Nxd5 17. Bxc6 bxc6 18. Nxc6 Qf6 19. Nxb8 Qxa1 20. Nc6 Qxa2 21. Ng3 Qc4 22. Qa4 Bd7 23. Rxe8+ Bxe8 24. Ne7+ Kf8 25. Qa1 Nxe7 26. Nh5 f6 27. Ng3 Ng8 28. Ba3 Bg6 29. b5+ Kf7 1-0

[Event "Altinopolis op 1st"]
[Site "Altinopolis"]
[Date "2012.04.03"]
[Round "6"]
[White "Januario, Jessica dos Anjos"]
[Black "Fassis, Juliana Maria"]
[Result "1/2-1/2"]
[WhiteElo "1522"]
[BlackElo "1779"]
[PlyCount "21"]
[EventDate "2012.02.03"]
[EventType "swiss"]
[EventRounds "6"]
[EventCountry "BRA"]
[SourceTitle "CBM 147 Extra"]
[Source "ChessBase"]
[SourceDate "2012.04.24"]
[SourceVersion "1"]
[SourceVersionDate "2012.04.24"]
[SourceQuality "1"]

1. e4 e5 2. Nf3 Nc6 3. Bc4 Bc5 4. c3 Nf6 5. d4 exd4 6. cxd4 Bb4+ 7. Bd2 Bxd2+ 8. Nbxd2 d5 9. exd5 Nxd5 10. h3 0-0 11. 0-0 1/2-1/2